000
00345pam a2200157a 44500
008
230515b1990 xxu||||| |||| 00| 0 eng d
020
_a
NULL
041
_a
ENGLISH
082
_a
N.D.
100
_a
Deitel H M.
245
_a
Operting Systems
250
_a
0
260
_a
NULL
_b
Addison -wesley Pub.
_c
1990
300
_a
853
650
_a
NULL
999
_c
575354
_d
575354